| 000 | 00879cam a2200229 a 4500 | ||
|---|---|---|---|
| 020 | _a9715615279 (v. 1) | ||
| 020 | _a9715615287 (v. 2) | ||
| 020 | _a9715615139 (v. 3) | ||
| 040 | _cDLC | ||
| 082 | _a333 ADB 2004 C156 Or. | ||
| 245 | 0 | 0 | _aPacific region environmental strategy, 2005-2009. |
| 260 |
_aMandaluyong City : _bAsian Development Bank, _c2004. |
||
| 300 |
_a3 v. : _bcol. ill., col. maps ; _c24-28 cm. |
||
| 500 | _aVol. 2 edited by Daniele Ponzi, David S. McCauley, Lope A. Calanog. | ||
| 500 | _a"Publication stock no. 121603, no. 121703, no. 110203"--P. [4] of cover. | ||
| 650 | 0 | _aEnvironmental policy | |
| 650 | 0 | _aEnvironmental management | |
| 710 | 2 | _aAsian Development Bank. | |
| 856 | 4 | 2 | _uhttp://www.loc.gov/catdir/enhancements/fy0621/2004348193-b.html |
| 856 | 4 | 2 | _uhttp://www.loc.gov/catdir/enhancements/fy0621/2004348193-d.html |
| 942 | _cAEDBB | ||
| 999 |
_c18975 _d18975 |
||